|
|
|
|
| LEADER |
00000nab a2200000Ia 4500 |
| 001 |
vtls010857655 |
| 003 |
SK-MaSNL |
| 005 |
20260303105909.0 |
| 008 |
230121|2012 xo |||||||||||||||||slo| |
| 035 |
|
|
|a (urnnbn)urn:nbn:sk:snk:ar-a07nqk
|
| 035 |
|
|
|a urn:nbn:sk:snk-ab6ggs
|
| 035 |
|
|
|a (uuid)312c24ea-81a1-4ccd-8385-152e9541c586
|
| 040 |
|
|
|a SNKBUCL
|b slo
|c SNKBUCL
|e AACR2
|
| 041 |
0 |
|
|a slo
|
| 044 |
|
|
|a xo
|c SK
|
| 080 |
|
|
|a 796.52
|2 2001
|
| 080 |
|
|
|a 7.092
|2 2001
|
| 100 |
1 |
|
|a Grajciar, Martin
|4 aut
|9 1121477
|
| 245 |
1 |
0 |
|a Drytoolová jeseň
|c Martin Grajciar
|
| 650 |
0 |
7 |
|a drytooling
|2 SNKPH
|9 1121478
|
| 650 |
0 |
7 |
|a horolezectvo
|2 SNKPH
|9 1050
|
| 650 |
0 |
7 |
|a súťaže
|2 SNKPH
|9 3301
|
| 773 |
0 |
|
|t Horolezec : odborný, metodický a informačný časopis Slovenského horolezeckého spolku JAMES
|g Roč. 44, č. 1 (2012), s. 38-[39]
|
| 954 |
|
|
|a odborná, vedecká literatúra pôvodná (slovenská)
|2 lita
|
| 958 |
|
|
|a OND
|
| 958 |
|
|
|a EUIPO
|
| 958 |
|
|
|a article5
|
| 999 |
|
|
|c 1866440
|d 1868370
|